[Event "Belorechensk Sarkisov Memorial"]
[Site "Belorechensk"]
[Date "2018.02.11"]
[Round "4"]
[White "Maiorov, Oleg Ivanovich"]
[Black "Beshukova, Alina"]
[Result "1/2-1/2"]
[WhiteElo "2359"]
[BlackElo "2057"]
[PlyCount "26"]
[EventDate "2018.02.09"]
[EventType "tourn"]
[EventRounds "9"]
[EventCountry "RUS"]
[EventCategory "3"]
[SourceTitle "CBM 182 Extra"]
[Source "ChessBase"]
[SourceDate "2018.02.23"]
[SourceVersion "1"]
[SourceVersionDate "2018.02.23"]
[SourceQuality "1"]

1. e4 c5 2. d3 Nc6 3. f4 e6 4. Nf3 d5 5. Qe2 Be7 6. g3 Nf6 7. Bg2 0-0 8. e5 Ng4 9. 0-0 Nh6 10. Be3 Ng4 11. Bc1 Nh6 12. Be3 Ng4 13. Bc1 Nh6 1/2-1/2

[Event "Anapa"]
[Site "Anapa"]
[Date "2012.09.08"]
[Round "9"]
[White "Oganian, Miran"]
[Black "Maiorov, Oleg Ivanovich"]
[Result "1-0"]
[WhiteElo "2232"]
[BlackElo "2390"]
[PlyCount "79"]
[EventDate "2012.08.30"]
[EventType "tourn"]
[EventRounds "11"]
[EventCountry "RUS"]
[EventCategory "3"]
[SourceTitle "EXT 2013"]
[Source "ChessBase"]
[SourceDate "2012.11.22"]
[SourceVersion "1"]
[SourceVersionDate "2012.11.22"]
[SourceQuality "1"]

1. d4 Nf6 2. c4 c5 3. d5 e6 4. Nc3 exd5 5. cxd5 d6 6. e4 g6 7. Nf3 Bg7 8. Be2 0-0 9. 0-0 a6 10. a4 Re8 11. Nd2 Nbd7 12. f4 Rb8 13. Kh1 Qc7 14. Ra2 b6 15. b3 Ng4 16. Ndb1 Ngf6 17. Qc2 Bb7 18. Na3 Rbd8 19. Bf3 Qb8 20. Bd2 Re7 21. Be1 Ne8 22. Nc4 Ba8 23. Qd3 b5 24. axb5 axb5 25. Na5 b4 26. Nb5 Nc7 27. Nxc7 Qxc7 28. Nc4 Ree8 29. e5 Bf8 30. e6 Nf6 31. Bh4 Bg7 32. exf7+ Kxf7 33. f5 g5 34. Bxg5 Kg8 35. h4 Rf8 36. Qd2 Rd7 37. Re1 Bb7 38. Re6 Ne8 39. Qf4 Qb8 40. Be7 1-0

[Event "Anapa"]
[Site "Anapa"]
[Date "2012.09.06"]
[Round "7"]
[White "Aghasaryan, Robert"]
[Black "Maiorov, Oleg Ivanovich"]
[Result "1-0"]
[WhiteElo "2373"]
[BlackElo "2390"]
[PlyCount "65"]
[EventDate "2012.08.30"]
[EventType "tourn"]
[EventRounds "11"]
[EventCountry "RUS"]
[EventCategory "3"]
[SourceTitle "EXT 2013"]
[Source "ChessBase"]
[SourceDate "2012.11.22"]
[SourceVersion "1"]
[SourceVersionDate "2012.11.22"]
[SourceQuality "1"]

1. d4 Nf6 2. c4 e6 3. Nc3 Bb4 4. f3 c5 5. a3 Bxc3+ 6. bxc3 d6 7. e4 e5 8. Bd3 Nc6 9. Ne2 Qe7 10. 0-0 0-0 11. Bg5 h6 12. Be3 b6 13. d5 Na5 14. Ng3 Kh7 15. h3 g6 16. f4 Nd7 17. f5 Ba6 18. Qe2 Qh4 19. Rf3 g5 20. Nh1 g4 21. hxg4 Qxg4 22. Nf2 Qg7 23. Rh3 Rh8 24. Ng4 Kg8 25. Bxh6 Rxh6 26. Rxh6 Bxc4 27. Bxc4 Nxc4 28. f6 Qg5 29. Rf1 Nf8 30. Rf5 Qc1+ 31. Kh2 Nd2 32. Ne3 Ng6 33. Qh5 1-0

[Event "Belorechensk Sarkisov Memorial op"]
[Site "Belorechensk"]
[Date "2012.05.29"]
[Round "7"]
[White "Maiorov, Oleg Ivanovich"]
[Black "Dmitriev, Igor"]
[Result "1-0"]
[WhiteElo "2377"]
[BlackElo "2393"]
[PlyCount "81"]
[EventDate "2012.05.23"]
[EventType "swiss"]
[EventRounds "9"]
[EventCountry "RUS"]
[SourceTitle "CBM 148 Extra"]
[Source "ChessBase"]
[SourceDate "2012.06.22"]
[SourceVersion "1"]
[SourceVersionDate "2012.06.22"]
[SourceQuality "1"]

1. e4 a6 2. d4 d6 3. Nf3 Nf6 4. Bd3 Bg4 5. h3 Bxf3 6. Qxf3 Nc6 7. c3 e5 8. Be3 Be7 9. Nd2 Nd7 10. Qg3 Bf6 11. Nb3 a5 12. a4 0-0 13. 0-0 exd4 14. Nxd4 Nde5 15. Bb5 Nxd4 16. cxd4 Nc6 17. Bxc6 bxc6 18. e5 Bh4 19. Qg4 f5 20. Qf3 d5 21. Rac1 Qd7 22. Bd2 Rfb8 23. Rc5 Rxb2 24. Qc3 Rb6 25. Rc1 Be7 26. Rxa5 Rab8 27. Ra7 Bb4 28. Qd3 Bf8 29. Ba5 Rb3 30. Qc2 c5 31. dxc5 Qxa4 32. Bb6 Qf4 33. Rxc7 Rb4 34. Re1 Rd4 35. g3 Qf3 36. e6 f4 37. Rf7 Re8 38. Bc7 Rc4 39. Qf5 Qc3 40. Rf1 Rxc5 41. Be5 1-0